000 00791nam a22002415i 4500
001 67656
003 ES-MaACL
005 20250717063023.0
007 t|
008 040609s1992 sp ||||0| spa d
020 _a84-7039-646-3
040 _aM-BN
_bspa
_cM-BN
080 _a860-31"18"
100 1 _aGrassi, Ángela,
_d1826-1883
_959706
245 1 3 _aEl copo de nieve /
_cAngela Grassi ; edición, introducción y notas de Iñigo Sánchez Llama.
260 _aMadrid :
_bCastalia :
_bInstituto de la Mujer,
_cD.L. 1992.
300 _a386 p ;
_c20 cm.
490 1 _aBiblioteca de escritoras ;
_v30
700 1 _aSánchez Llama, Iñigo.
_9102725
830 0 _aBiblioteca de escritoras ;
_v30
_9179314
852 _aES-MaACL
_jL-27910
_bR.133373
999 _c67656
_d67656